Potenciál automobilového priemyslu a elektromobility v podmienkach Slovenskej republiky

Elektormobilita ako jeden zo spôsobov, ako dosiahnuť udržateľný dopravný systém. Potenciál automobilového priemyslu na Slovensku. Perspektívy elektromobility. Elektromobilita na Slovensku.

Guardado en:
Detalles Bibliográficos
Autor principal: Čukanová, Miroslava, 1984-
Formato: Capítulo de libro
Lenguaje:eslovaco
Materias:
Etiquetas: Agregar Etiqueta
Sin Etiquetas, Sea el primero en etiquetar este registro!

MARC

LEADER 00000naa$a2200000$$$4500
001 0271354
005 20240502074252.6
041 0 |a slo 
044 |a SK 
245 1 0 |a Potenciál automobilového priemyslu a elektromobility v podmienkach Slovenskej republiky  |c Miroslava Čukanová 
520 |a Elektormobilita ako jeden zo spôsobov, ako dosiahnuť udržateľný dopravný systém. Potenciál automobilového priemyslu na Slovensku. Perspektívy elektromobility. Elektromobilita na Slovensku. 
610 2 0 |a elektromobily 
610 2 0 |a priemysel automobilový 
610 2 0 |a rozvoj trvalo udržateľný 
610 2 0 |a výrobcovia 
100 1 |a Čukanová, Miroslava, 1984-